000 00487nam a2200169 i 4500
001 73933
003 ES-MaACL
005 20240503110110.0
007 t|
008 040913s1961 sp ||||1| spa d
100 1 _aGonzález, Ángel,
_d1925-2008
_958280
245 1 0 _aSin esperanza, con convencimiento /
_cAngel González.
260 _aBarcelona :
_bSeix Barral,
_c[1961]
300 _a80 p. ;
_c17 cm.
852 _aES-MaACL
_jC-21103
_bR.49620
999 _c73933
_d73933